Roblox games quiz - Statistics

General Stats
  • This quiz has been taken 27 times
  • The average score is 7 of 15
Answer Stats
Hint Answer % Correct
The most trending horror game as of March 2023 Doors
90%
Running away from nextbots for 3 minutes Evade
76%
Running away from nextbots but with safezones and no time limit Nicos nextbots
67%
5 year old roleplayers. Brookhaven RP
62%
A game based off the anime "One piece" Blox fruits
57%
Wannabe gangsters. Da hood
52%
The perfect game for scamming an 8 year old Adopt me
48%
Money making Pls donate
43%
A horror game that is one of the most popular roblox horror games but died (kinda) The mimic
43%
An obby where if you die you restart all the way from the begining with a 6 minute timer (from what i remember) Tower of hell
43%
Online daters and slenders. Meep city
38%
Experiment with different avatars until you find one you like. Catalog avatar creator
33%
An obby about escaping a prison with a fat police officer. Barrys prison run
19%
Type to survive! Type or die
19%
A very very VERY unknown horror game (nightmares) 3 nightmares
0%
No matching quizzes found
Score Distribution
Percent of People with Each Score
Percentile by Number Answered
Your Score History
You have not taken this quiz